[Event "Asia Nations online Cup"]
[Site "Chess.com INT"]
[Date "2020.10.18"]
[Round "8.14"]
[White "Sibt, Ali"]
[Black "Orio, Rogelio L"]
[Result "1-0"]
[WhiteElo "2071"]
[BlackElo "1753"]
[PlyCount "107"]
[EventDate "2020.10.10"]
[EventType "team-swiss (rapid)"]
[EventRounds "9"]
[EventCountry "IND"]
[SourceTitle "CBM 198 Extra"]
[Source "ChessBase"]
[SourceDate "2020.11.30"]
[SourceVersion "1"]
[SourceVersionDate "2020.11.30"]
[SourceQuality "1"]
[WhiteTeam "Pakistan"]
[BlackTeam "Guam"]
[WhiteTeamCountry "PAK"]
[BlackTeamCountry "GMA"]

1. d4 d6 2. Bf4 Nf6 3. e3 Nbd7 4. h3 e5 5. Bh2 Be7 6. Nf3 e4 7. Nfd2 d5 8. c4 c6 9. Nc3 0-0 10. f3 Bb4 11. fxe4 Bxc3 12. bxc3 Nxe4 13. Nxe4 dxe4 14. Qc2 f5 15. Bf4 Qh4+ 16. Qf2 Qe7 17. c5 Nf6 18. Bd6 Qf7 19. Bxf8 Kxf8 20. Be2 Nd5 21. c4 Nb4 22. 0-0 g6 23. a3 Nd3 24. Bxd3 exd3 25. e4 Kg7 26. exf5 gxf5 27. Qg3+ Kh8 28. Rae1 Bd7 29. Qe5+ Kg8 30. Re3 d2 31. Rg3+ Kf8 32. Qh8+ Ke7 33. Re3+ Be6 34. Qxa8 f4 35. Qxb7+ Kf8 36. Qb8+ Kg7 37. Re2 Bxc4 38. Qe5+ Kg8 39. Rxd2 Bxf1 40. Kxf1 h6 41. d5 f3 42. Qg3+ Kh7 43. Qxf3 Qg6 44. d6 Qb1+ 45. Kf2 Qc1 46. Qd3+ Kg7 47. d7 Qxc5+ 48. Qd4+ Qxd4+ 49. Rxd4 c5 50. Rd1 c4 51. d8Q c3 52. Qc7+ Kg6 53. Rd6+ Kf5 54. Qc5+ 1-0

[Event "Asia Nations online Cup"]
[Site "Chess.com INT"]
[Date "2020.10.16"]
[Round "5.14"]
[White "Sibt, Ali"]
[Black "Al Busaidi, Hamood"]
[Result "1-0"]
[WhiteElo "2071"]
[BlackElo "1651"]
[PlyCount "53"]
[EventDate "2020.10.10"]
[EventType "team-swiss (rapid)"]
[EventRounds "9"]
[EventCountry "IND"]
[SourceTitle "CBM 198 Extra"]
[Source "ChessBase"]
[SourceDate "2020.11.30"]
[SourceVersion "1"]
[SourceVersionDate "2020.11.30"]
[SourceQuality "1"]
[WhiteTeam "Pakistan"]
[BlackTeam "Oman"]
[WhiteTeamCountry "PAK"]
[BlackTeamCountry "OMN"]

1. e4 c5 2. Nf3 g6 3. c3 d5 4. e5 Bg7 5. d4 cxd4 6. cxd4 Nc6 7. Nc3 Bg4 8. Be2 Nh6 9. Bxh6 Bxh6 10. Qb3 Bxf3 11. Bxf3 e6 12. Rd1 Qe7 13. Bxd5 0-0 14. Bxc6 bxc6 15. 0-0 Rab8 16. Qc2 Rfd8 17. Ne4 Qb4 18. Nf6+ Kh8 19. Qe4 Bg7 20. Qxc6 Bxf6 21. exf6 Kg8 22. Qe4 Qxb2 23. Rd3 Rb5 24. g4 Qxa2 25. Qe3 Kf8 26. Rc1 g5 27. d5 1-0

[Event "Asia Nations online Cup"]
[Site "Chess.com INT"]
[Date "2020.10.16"]
[Round "6.11"]
[White "Sulaiman, Ahmad Ashrafi"]
[Black "Sibt, Ali"]
[Result "1/2-1/2"]
[WhiteElo "1953"]
[BlackElo "2071"]
[PlyCount "82"]
[EventDate "2020.10.10"]
[EventType "team-swiss (rapid)"]
[EventRounds "9"]
[EventCountry "IND"]
[SourceTitle "CBM 198 Extra"]
[Source "ChessBase"]
[SourceDate "2020.11.30"]
[SourceVersion "1"]
[SourceVersionDate "2020.11.30"]
[SourceQuality "1"]
[WhiteTeam "Afghanistan"]
[BlackTeam "Pakistan"]
[WhiteTeamCountry "AFG"]
[BlackTeamCountry "PAK"]

1. d4 Nf6 2. c3 g6 3. Bf4 Bg7 4. e3 0-0 5. Nd2 b6 6. h3 Bb7 7. Ngf3 d6 8. Be2 Nbd7 9. 0-0 Qe8 10. a4 e5 11. dxe5 Nxe5 12. Nxe5 dxe5 13. Bh2 Rd8 14. Qc2 a5 15. Rfd1 Qe6 16. Nf3 Ne4 17. Rxd8 Rxd8 18. Rd1 Rd6 19. b4 h6 20. Nd2 Qd7 21. Nxe4 Rxd1+ 22. Qxd1 Qxd1+ 23. Bxd1 Bxe4 24. bxa5 bxa5 25. Bb3 Bd3 26. f3 Kf8 27. Kf2 Ke7 28. Ke1 c5 29. e4 f5 30. exf5 gxf5 31. g4 e4 32. Kd2 c4 33. Bd1 e3+ 34. Kxe3 Bxc3 35. Be2 Bc2 36. Bxc4 Bxa4 37. Bf4 Bb2 38. Kd3 Bd1 39. Bxh6 Bxf3 40. gxf5 Kf6 41. Be6 Be5 1/2-1/2